书目信息 |
| 题名: |
西藏宫殿寺庙史话
|
|
| 作者: | 赵慧民 著 | |
| 分册: | ||
| 出版信息: | 北京 中国大百科全书出版社 2000 |
|
| 页数: | 160页 | |
| 开本: | 19cm | |
| 丛书名: | 中华文明史话 | |
| 单 册: | ||
| 中图分类: | K928.75 , B947.2 , Z1 | |
| 科图分类: | ||
| 主题词: | 布达拉宫--简介 , 丛书 | |
| 电子资源: | ||
| ISBN: | 7-5000-6247-8 | |
| 000 | 00897oam2 2200289 450 | |
| 001 | 1551901774 | |
| 005 | 20151111134328.23 | |
| 010 | @a7-5000-6247-8@dCNY10.00 | |
| 100 | @a20001009d2000 em y0chiy0110 ea | |
| 101 | 0 | @achi |
| 102 | @aCN@b110000 | |
| 105 | @ay z 000yd | |
| 200 | 1 | @a西藏宫殿寺庙史话@9xi zang gong dian si miao shi hua@f赵慧民著 |
| 210 | @a北京@c中国大百科全书出版社@d2000 | |
| 215 | @a160页@d19cm | |
| 225 | 2 | @a中华文明史话 |
| 330 | @a本书系统地介绍了西藏境内最具代表性的宫殿、寺庙,如布达拉宫、大昭寺、色拉寺、哲蚌寺等的历史、建筑结构、壁画艺术、唐卡、经书及佛教造像。 | |
| 461 | 0 | @12001 @a中华文明史话 |
| 606 | 0 | @a布达拉宫@x简介 |
| 606 | 0 | @a丛书 |
| 607 | @a喇嘛教-寺庙@x简介@y西藏 | |
| 690 | @aK928.75@v5 | |
| 690 | @aB947.2@v5 | |
| 690 | @aZ1@v4 | |
| 701 | 0 | @a赵慧民@9zhao hui min@4著 |
| 801 | 0 | @aCN@bTSSF@c20150121 |
| 905 | @aZUCC@dZ1@eJY27:55 | |
| 西藏宫殿寺庙史话/赵慧民著.-北京:中国大百科全书出版社,2000 |
| 160页;19cm.-(中华文明史话) |
| ISBN 7-5000-6247-8:CNY10.00 |
| 本书系统地介绍了西藏境内最具代表性的宫殿、寺庙,如布达拉宫、大昭寺、色拉寺、哲蚌寺等的历史、建筑结构、壁画艺术、唐卡、经书及佛教造像。 |
| ● |
| 相关链接 |
|
|
|
|
正题名:西藏宫殿寺庙史话
索取号:Z1/JY27:55
 
预约/预借
| 序号 | 登录号 | 条形码 | 馆藏地/架位号 | 状态 | 备注 |
| 1 | 7840083 | 278400838 | 学院路分馆/ [索取号:Z1/JY27:55] | 在馆 | |
| 2 | 7840084 | 278400847 | 学院路分馆/ [索取号:Z1/JY27:55] | 在馆 | |
| 3 | 7840085 | 278400856 | 学院路分馆/ [索取号:Z1/JY27:55] | 在馆 | |
| 4 | 7840086 | 278400865 | 学院路分馆/ [索取号:Z1/JY27:55] | 在馆 |